| 000 | 01003pam a2200289 a 4500 | ||
|---|---|---|---|
| 001 | 462698 | ||
| 003 | NUST-PNEC | ||
| 005 | 20170116180713.0 | ||
| 008 | 831212s1984 nyu d 000 0 eng | ||
| 010 | _a 83026768 | ||
| 020 | _a0070454833 : | ||
| 040 |
_aDLC _cPNEC _dDLC |
||
| 050 | 0 | 0 |
_aQ123 _b.M338 1984 |
| 082 | 0 | 0 | _a503.21 PAR |
| 100 |
_9635 _aParker Sybil P. |
||
| 245 | 0 | 0 |
_aMcGraw-Hill dictionary of science and engineering / _cSybil P. Parker, editor in chief. |
| 260 |
_aNew York : _bMcGraw-Hill, _cc1984. |
||
| 300 |
_axviii, 942 p. ; _c24 cm. |
||
| 500 | _ahttp://www.amazon.com/McGraw-Hill-Dictionary-Science-Engineering-Parker/dp/0070454833/ref=sr_1_1?s=books&ie=UTF8&qid=1413438196&sr=1-1&keywords=0070454833 | ||
| 650 | 0 |
_aScience _xDictionaries. |
|
| 650 | 0 |
_aTechnology _xDictionaries. |
|
| 700 | 1 | _aParker, Sybil P. | |
| 710 | 2 | _aMcGraw-Hill Book Company. | |
| 740 | 0 | _aScience and engineering. | |
| 906 |
_a7 _bcbc _corignew _d1 _eocip _f19 _gy-gencatlg |
||
| 942 |
_2ddc _cBK |
||
| 999 |
_c61072 _d61072 |
||